O brinquedo misterioso (Record no. 56877)

MARC details
000 -LÍDER
campo de controle de tamanho fixo 00341 a2200157 4500
001 - NÚMERO DE CONTROLE
campo de controle 56877
020 ## - ISBN - INTERNATIONAL STANDARD BOOK NUMBER
ISBN - International Standard Book Number 8508053150
040 ## - FONTE DA CATALOGAÇÃO
Instituição que transcreveu o registro Anchieta - Pituba
100 ## - ENTRADA PRINCIPAL--NOME PESSOAL
Nome pessoal Galdino, Luiz
240 10 - TÍTULO UNIFORME
Título uniforme O brinquedo misterioso
Idioma da obra por
245 10 - TÍTULO
Título O brinquedo misterioso
300 ## - DESCRIÇÃO FÍSICA
Extensão 77
362 0# - DATAS DE PUBLICAÇÃO E/OU DESIGNAÇÃO SEQUENCIAL
Datas de publicação e/ou designação sequencial 2000
650 #4 - ASSUNTO--TERMO TÓPICO
Cabeçalho tópico ou nome geográfico Literatura juvenil
942 ## - ELEMENTOS DE ENTRADA ADICIONADOS (KOHA)
Tipo de material Koha Livros
Holdings
Situação do descarte Situação das perdas Situação física Não pode ser emprestado Biblioteca de origem Biblioteca atual Data de aquisição Total de empréstimos Número de chamada completo Código de barras Data de último acesso Data do preço efetivo Tipo de material Koha Fonte da classificação ou esquema de arquivamento na estante Nota pública
        Colégio Anchieta - Pituba Colégio Anchieta - Pituba 21/11/2023   LJ 028.5 G149b GAL BRI 6582/PIT 21/11/2023 21/11/2023 Livros    
        Novo Tempo - Aureliano São José Novo Tempo - Aureliano São José 02/05/2024     nt12 02/05/2024 02/05/2024 Livros Classificação Decimal de Dewey Estante Branca
        Novo Tempo - Aureliano São José Novo Tempo - Aureliano São José 03/05/2024     nt230 03/05/2024 03/05/2024 Livros Classificação Decimal de Dewey Estante Azul